ERGO poisťovňa, a.s. výročná správa 1999

Saved in:
Bibliographic Details
Format: Book
Language:Slovak
English
Published: Bratislava ERGO 2000
Subjects:
Tags: Add Tag
No Tags, Be the first to tag this record!

MARC

LEADER 00000nam a2200000 4500
001 c124458
005 20221108082912.8
041 0 |a slo 
041 0 |a eng 
044 |a SK 
245 1 0 |a ERGO poisťovňa, a.s.  |b výročná správa 1999 
264 1 |a Bratislava  |b ERGO  |c 2000 
300 |a 25 s. 
610 2 0 |a poisťovne 
610 2 0 |a poisťovne komerčné 
610 2 0 |a poisťovníctvo